000 00673nam a2200241Ia 4500
003 OSt
005 20220928103155.0
006 a|||||r|||| 00| 0
007 ta
008 220927b |||||||| |||| 00| 0 eng d
024 _a26785
037 _cTextual
040 _aSDCL
_cSDCL
_beng
041 _2eng
_aeng
082 _aQ131:224, K7
100 _aBhatta Bhaskaradhvarindra
_9402762
245 0 _aSamavedarseya dipa.
260 _aTirupati
_bKendriya Sanskri Vidyapeetha
_c1967
300 _a202p.
_ccm.
490 _aKendriya Sanskrit Vidyapeetha 7
942 _hQ131:224, K7
_cTEXL
_2CC
999 _c718578
_d718578